Statistics for English To German Click Foods

Click here to take the quiz!

General Stats

  • This quiz has been taken 42 times
  • The average score is 13 of 15

Answer Stats

HintAnswer% Correct
SaltSalz
100%
WaterWasser
100%
AppleApfel
97%
EggEi
97%
MilkMilch
97%
WineWein
97%
HoneyHonig
94%
SugarZucker
94%
CheeseKäse
89%
CakeKuchen
86%
LettuceKopfsalat
83%
RaspberryHimbeere
74%
CherryKirsche
74%
RelishGenießen
71%
OnionZwiebel
71%

Score Distribution

Percentile by Number Answered

Percent of People with Each Score

Your Score History

You have not taken this quiz